MARC

LEADER 00000nas a2200000 a 4500
001 ssj0004442
003 WaSeSS
005 20200512172242.0
006 m d
007 cr n
008 010215c19889999cauqx pssd 0 a0eng c
010 |a  2001214625 
022 |a 1533-8363  |l 1053-9867  |y 1053-9867 
035 |a (WaSeSS)ssj0004442 
037 |b University of California Press, 2000 Center St., Ste. 303, Berkeley, CA 94704-1223  |c $169.00 (institution) 
040 |a NSD  |b eng  |e pn  |c NSD  |d OCLCQ  |d NSD  |d OCLCQ  |d DLC  |d NSD  |d FJM  |d OCLCQ  |d UX0  |d EYM  |d MYG  |d WAU  |d OCLCQ  |d OCLCO  |d AU@  |d OCLCF  |d OCLCQ  |d OCL  |d UMC  |d OCLCQ  |d OCLCE  |d CEF  |d OCLCQ  |d GILDS  |d UUM  |d WaSeSS 
042 |a nsdp  |a pcc  |a dlr 
043 |a n-us--- 
050 4 |a KF9685.A59  |b F43 Online 
082 1 0 |a 345  |2 13 
130 0 |a Federal sentencing reporter (Online) 
222 0 |a Federal sentencing reporter  |b (Online) 
245 1 0 |a Federal sentencing reporter  |h [electronic resource]. 
246 3 0 |a FSR 
260 |3 1988-1990 :  |a New York :  |b Vera Institute of Justice,  |c 1988- 
260 3 |3 1991- :  |a Berkeley, CA :  |b Published for the Vera Institute of Justice by the University of California Press 
310 |a 5 issues yearly,  |b Oct. 2002- 
321 |a Ten issues yearly,  |b 1988-1989 
321 |a Bimonthly,  |b 1990-May/June 2002 
362 0 |a Vol. 1, no. 1 (June 1988)- 
506 |a License restrictions may limit access. 
538 |a Master and use copy. Digital master created according to Benchmark for Faithful Digital Reproductions of Monographs and Serials, Version 1. Digital Library Federation, December 2002.  |u http://purl.oclc.org/DLF/benchrepro0212  |5 MiAaHDL 
583 1 |a digitized  |c 2010  |h HathiTrust Digital Library  |l committed to preserve  |2 pda  |5 MiAaHDL 
588 |a Description based on: Vol. 1, no. 1 (June 1988); title from caption (JSTOR, viewed July 14, 2010). 
588 |a Latest issue consulted: Vol. 24, no. 5 (June 2012) (HeinOnline, viewed July 18, 2016). 
650 0 |a Sentences (Criminal procedure)  |z United States  |v Digests. 
650 0 |a Sentences (Criminal procedure)  |z United States  |v Cases. 
650 6 |a Sentences (Procédure pénale)  |z États-Unis  |v Périodiques. 
650 7 |a Sentences (Criminal procedure)  |2 fast  |0 (OCoLC)fst01112638 
651 7 |a United States.  |2 fast  |0 (OCoLC)fst01204155 
655 0 |a Electronic journals. 
710 2 |a Vera Institute of Justice. 
776 0 8 |i Print version:  |t Federal sentencing reporter  |x 1053-9867  |w (DLC) 88646621  |w (OCoLC)18294744 
856 4 0 |z Full text available from Research Library: 02/01/2001 to 12/31/2012  |u https://search.proquest.com/publication/30224